Central Library OPAC University of Rajshahi

Rocks and minerals / (Record no. 75221)

MARC details
000 -LEADER
fixed length control field 00828nam a2200289 a 4500
001 - CONTROL NUMBER
control field 75221
003 - CONTROL NUMBER IDENTIFIER
rucl marc code BD-RjUL
005 - DATE AND TIME OF LATEST TRANSACTION
control field 20211209082648.0
008 - FIXED-LENGTH DATA ELEMENTS--GENERAL INFORMATION
fixed length control field 190203r19611956nyua b 000 0 eng
035 ## - SYSTEM CONTROL NUMBER
System control number (BD-RjUL)75439
System control number (OCoLC)545850
040 ## - CATALOGING SOURCE
Original cataloging agency DLC
Transcribing agency ODaWU
Modifying agency OCoLC
-- DLC
Language of cataloging eng
041 ## - LANGUAGE CODE
Language code of text/sound track or separate title eng
042 ## - AUTHENTICATION CODE
Authentication code premarc
082 ## - DEWEY DECIMAL CLASSIFICATION NUMBER
Edition number 23
Classification number 549
Author mark and year PER 1961
100 1# - MAIN ENTRY--PERSONAL NAME
Personal name Pearl, Richard M.
Fuller form of name (Richard Maxwell),
Dates associated with a name 1913-1980.
9 (RLIN) 227629
245 10 - TITLE STATEMENT
Title Rocks and minerals /
Statement of responsibility, etc. Richard M. Pearl.
260 ## - PUBLICATION, DISTRIBUTION, ETC. (IMPRINT)
Place of publication, distribution, etc. New York :
Name of publisher, distributor, etc. Barnes & Noble1
Date of publication, distribution, etc. 1956 [Printing1961]
300 ## - PHYSICAL DESCRIPTION
Pagination 275 p.:
Illustrations illus.;
Size 21 cm.
490 0# - SERIES STATEMENT
Series statement Everyday handbook series,
Volume/sequential designation 260
504 ## - BIBLIOGRAPHY, ETC. NOTE
Bibliography, etc Includes bibliography.
650 #0 - SUBJECT ADDED ENTRY--TOPICAL TERM
Topical term or geographic name as entry element Mineralogy.
9 (RLIN) 227630
Topical term or geographic name as entry element Rocks.
9 (RLIN) 227631
942 ## - ADDED ENTRY ELEMENTS (KOHA)
Source of classification or shelving scheme Dewey Decimal Classification
Koha item type Books
Holdings
Lost status Source of classification or shelving scheme Damaged status Not for loan Collection code Permanent Location Current Location Shelving location Date acquired Source of acquisition Total Checkouts Full call number Date last seen Copy number Koha item type
  Dewey Decimal Classification   Not For Loan Non-fiction Central Library, University of Rajshahi Central Library, University of Rajshahi Reading Room 16/05/1963 Asia foundation   549 PER 1961 03/02/2019 C-1 Books